|
|
|
|
| LEADER |
00000nam a2200000Ii 4500 |
| 001 |
DIGMARGE0018 |
| 003 |
NyNyDIG |
| 008 |
230420s2020 sp a o 000 0 spa d |
| 006 |
m o d |
| 007 |
cr ||||||||||| |
| 035 |
|
|
|a (OCoLC)1281960589
|
| 040 |
|
|
|a DGITA
|b eng
|e rda
|e pn
|c DGITA
|
| 020 |
|
|
|a 9788417903350
|q digital
|
| 020 |
|
|
|z 9788417903343
|q impresa
|
| 050 |
1 |
4 |
|a RC600 ebook
|
| 245 |
0 |
0 |
|a Avances en sarcoidosis /
|c coordinadores, Pilar Brito-Zerón [and 4 others] ; Nihan Acar-Denizli [and 53 others].
|
| 264 |
|
1 |
|a Valencia ;
|a Barcelona :
|b Marge Medica Books,
|c [2020]
|
| 300 |
|
|
|a 1 online resource :
|b illustrations.
|
| 336 |
|
|
|a text
|b txt
|2 rdacontent
|
| 337 |
|
|
|a computer
|b c
|2 rdamedia
|
| 338 |
|
|
|a online resource
|b cr
|2 rdacarrier
|
| 347 |
|
|
|a text file
|2 rdaft
|
| 347 |
|
|
|b EPUB
|
| 490 |
1 |
|
|a Avances en enfermedades autoinmunes sistémicas
|
| 588 |
0 |
|
|a Online resource; title from ePub title page (Digitalia, viewed April 20, 2023)
|
| 650 |
|
0 |
|a Autoimmune diseases.
|
| 650 |
|
0 |
|a Sarcoidosis.
|
| 700 |
1 |
|
|a Brito-Zeron, Pilar,
|e editor.
|
| 700 |
1 |
|
|a Acar-Denizli, Nihan,
|e author.
|
| 791 |
2 |
|
|a Digitalia (Firm),
|e distributor.
|
| 793 |
0 |
|
|g Digitalia eBook Collection:
|a Marge Books
|
| 776 |
0 |
8 |
|i Print version:
|t Avances en sarcoidosis.
|b 1a edición.
|d Valencia ; Barcelona : Marge Medica Books, [2020]
|z 9788417903343
|
| 830 |
|
0 |
|a Avances en enfermedades autoinmunes sistémicas.
|
| 830 |
|
0 |
|a Medicina y ciencias de la salud.
|
| 856 |
4 |
0 |
|3 Digitalia Hispánica
|u https://www.digitaliapublishing.com/a/125852/
|
| 910 |
|
|
|a Premium collection: 2023
|